Digitale zadenatlas van Nederland = Digital seed atlas of the Netherlands /

محفوظ في:

المؤلف الرئيسي: Cappers, René T.J.

مؤلفون آخرون: Bekker, Renée M., Jans, Judith E.A.

التنسيق: كتاب

اللغة: Dutch

منشور في: Eelde : Groningen : Barkhuis Publishing ; Groningen University Library, c2006.

سلاسل: Groningen archaeological studies ; 4.

الموضوعات:

الوسوم: إضافة وسم

لا توجد وسوم, كن أول من يضع وسما على هذه التسجيلة!

رقم الطلب: QK297 .C37

LEADER 00980nam a22002657a 4500
003 OSt
005 20251117103948.0
008 251117t2006 ne a b 001 0 dut d
020 |a 9789077922118 
040 |c ARCE Library 
050 1 4 |a QK297  |b .C37 
100 1 |a Cappers, René T.J. 
245 1 0 |a Digitale zadenatlas van Nederland =   |b Digital seed atlas of the Netherlands /   |c René T.J. Cappers, Renée M. Bekker, Judith E.A. Jans. 
246 3 |a Digital seed atlas of the Netherlands. 
264 1 |a Eelde :   |b Barkhuis Publishing ;   |a Groningen :   |b Groningen University Library,   |c c2006. 
300 |a xxv, 502 p. :  |b col. ill. ;  |c 31 cm. 
490 0 |a Groningen archaeological studies ;   |v 4. 
504 |a Includes bibliographical references and indexes. 
546 |a In Dutch and English. 
650 0 |a Plants -- Netherlands -- Seeds -- Pictorial works. 
700 1 |a Bekker, Renée M. 
700 1 |a Jans, Judith E.A. 
901 |a reviewed 
942 |2 lcc  |c BK 
999 |c 48689  |d 48689